[Event "It (open)"]
[Site "masterchessopen.com Cappelle la Grande (France)"]
[Round "2"]
[White "Grabarczyk Miroslaw (POL)"]
[Black "Holmsten Aleksei (FIN)"]
[Result "1-0"]
[WhiteElo "2470"]
[BlackElo "2400"]

{ Grabarczyk Miroslaw (POL) +0 =2 -0 Holmsten Aleksei (FIN) +1 =1 -2 } 1.d4 {
1 } 1...Nf6 2.c4 g6 3.g3 Bg7 4.Bg2 d5 5.cxd5 Nxd5 6.e4 Nb4 7.d5 c6 8.a3 Qa5 {
? } ( 8...N4a6 9.Nc3 ( 9.Ne2 cxd5 10.exd5 O-O 11.O-O Nc7 12.Nbc3 Ne8 13.Re1
Nd7 14.Nd4 Nd6 15.Bg5 Bf6 16.Bxf6 Nxf6 17.Re3 Bd7 18.Qe2 Re8 19.Re1 Qb6 20.Nf3
Ng4 21.Rd3 Rac8 22.Rd4 a5 23.Red1 Nf6 24.Ne5 Rc7 25.Bf3 Bc8 26.Rf4 h5 27.Kg2
Kg7 28.h3 { ...0-1, Shabalov Alexander 2566 - Kudrin Sergey 2525 , Salt Lake
City 1999 Ch USA (Gr.1) } ) 9...e6 10.Nge2 exd5 11.exd5 cxd5 12.Nxd5 O-O
13.O-O Nc6 14.Nec3 Nc7 15.Nxc7 Qxc7 16.Bf4 Qb6 17.Nd5 Qxb2 18.Rb1 Qa2 19.Nc7
Bf5 20.Nxa8 Bxb1 21.Qxb1 Qxb1 22.Rxb1 Rxa8 23.Rxb7 Nd4 24.Bb8 { 1-0,
Solozhenkin Evgeniy 2495 - Holmsten Aleksei 2422 , Helsinki 2001 It (cat.8) }
) 9.Nc3 cxd5 10.Be3 { ? = } ( 10.Bf4 N4c6 11.exd5 Nd4 12.Nf3 Bg4 13.O-O O-O
14.Re1 Re8 15.Be5 Nxf3+ 16.Bxf3 Bxe5 17.Rxe5 Nd7 18.Re3 Bxf3 19.Qxf3 Rad8
20.b4 Qa6 21.Rae1 { 1-0, Korchnoi Viktor 2635 - Djuric Stefan 2490 , Sarajevo
1984 It (cat.12) } ) 10...Nc2+ ( 10...d4 11.axb4 Qd8 12.Bd2 dxc3 13.Bxc3 Bxc3+
14.bxc3 Qc7 15.Ne2 O-O 16.O-O e5 17.Qd3 Be6 18.Qe3 Bc4 19.Rfe1 b6 20.f4 f6
21.f5 g5 22.g4 Nc6 23.Ng3 Rad8 24.Bf1 Qf7 25.Rad1 Bxf1 26.Rxf1 Qc4 27.h4 h6
28.hxg5 hxg5 29.Nh5 Kf7 30.Rxd8 { ...0-1, Kasimdzhanov Rustam 2674 - Krasenkow
Michal 2662 , Essen 2002 It (cat.16) } ) 11.Qxc2 d4 12.b4 ( 12.Bxd4 Bxd4
13.Ne2 Nc6 14.O-O O-O 15.Nxd4 Nxd4 { 1/2-1/2, Mozny Milos 2405 - David Pavel
2425 , Usti nad Labem 1994 Ch Czech Republic (open) } ) 12...Qc7 13.Bxd4 Bxd4
14.Nge2 Bxc3+ ( 14...Bg7 15.Rc1 Nd7 ( 15...Bd7 { } ) 16.Nd5 Qxc2 17.Rxc2 Kd8
18.O-O e6 19.Nc7 Rb8 20.f4 a6 21.Bh3 Nb6 22.f5 Be5 23.fxe6 Bxc7 24.Rd1+ Bd7
25.exf7 Rf8 26.Nd4 Be5 27.Nf3 Ke7 28.Bxd7 Nxd7 29.Rcd2 { 1-0, Navarovszky
Laszlo 2410 - Liptay Laszlo 2390 , Budapest 1964 Ch Budapest } ) 15.Nxc3 { N }
( 15.Qxc3 Qxc3+ 16.Nxc3 Nc6 17.Nd5 ( 17.f4 e5 18.O-O O-O 19.b5 Nd4 20.fxe5 Be6
21.Nd5 Kg7 22.Rfd1 Nb3 23.Rab1 Nc5 24.Nc7 Rac8 25.Nxe6+ Nxe6 26.Bh3 Rfe8
27.Bxe6 Rxe6 28.Rd7 b6 29.Rxa7 Rxe5 30.Rb7 Rxe4 31.Rf1 Rf8 32.Rxb6 Ra4 33.Rf3
f5 34.Rc6 Rfa8 { ...1/2-1/2, Bareev Evgeny 2650 - Krasenkow Michal 2590 ,
Elista 1995 Ch Russia } ) 17...O-O 18.b5 Nd4 19.Nxe7+ Kg7 20.O-O Nxb5 21.Rfb1
Nc3 22.Rb3 Ne2+ 23.Kf1 Nd4 24.Rd3 Ne6 25.e5 Re8 26.Nxc8 Raxc8 27.Bxb7 Nc5
28.Bxc8 Nxd3 29.Ba6 Nc5 30.Bc4 Rxe5 31.Rd1 Re7 32.Rd6 Rc7 33.Ke2 Kf8 34.Ke3
Ke7 { ...1/2-1/2, Grabarczyk Miroslaw 2514 - Seger Ruediger 2398 , Pardubice
2002 It (open) } ) 15...O-O 16.Qb2 Be6 17.O-O Nc6 18.Rac1 Qe5 19.Rfd1 Rfd8
20.f4 Rxd1+ 21.Rxd1 Qh5 22.Qf2 Rc8 23.Rd3 b6 24.h4 { ?! } ( 24.Nd5 b5 25.Rd2
Kg7 26.Qc5 { } ) 24...Bc4 25.Rd2 Nd8 { ?! } ( 25...Qh6 26.Bh3 e6 27.e5 Qf8 { }
) 26.Kh2 Ne6 { ? } ( { ? } 26...Nc6 27.b5 Nb8 28.a4 e6 { } ) 27.Rd7 Nf8
28.Rxe7 Be6 29.Qd4 g5 30.f5 { ? } ( { ? } 30.Nd5 Bxd5 31.Qxd5 h6 32.Qf5 { } )
30...Bb3 31.Kh3 gxh4 { } {#r} 1-0

[Event "Ch France (team) 2003"]
[Site "masterchessopen.com France"]
[Round "7"]
[White "Tregubov Pavel V (RUS)"]
[Black "Karr Jean-Philippe (FRA)"]
[Result "1-0"]
[WhiteElo "2629"]
[BlackElo "2357"]

1.d4 Nf6 2.c4 g6 3.g3 Bg7 4.Bg2 d5 5.cxd5 Nxd5 6.e4 Nb4 7.d5 c6 8.a3 N4a6
9.Nc3 O-O 10.Nf3 cxd5 11.exd5 Nd7 12.O-O Nb6 13.Re1 Bg4 14.h3 Bxf3 15.Qxf3 Re8
16.Bf4 Nc4 17.d6 Nxd6 18.Rad1 Nc7 19.b4 e5 20.Be3 Ne6 21.Nb5 Nd4 22.Bxd4 exd4
23.Rxe8+ Nxe8 24.Qxb7 Rb8 25.Qc6 Rb6 26.Qc5 a6 27.Na7 Re6 28.Nc6 Qf6 29.Nxd4
Rd6 30.Re1 Qxd4 31.Rxe8+ Bf8 32.Qc8 Qg7 33.a4 Rd2 34.b5 axb5 35.axb5 Rb2
36.Qc5 Re2 37.Rc8 {#r} 1-0

[Event "Ch Germany (Internet)"]
[Site "masterchessopen.com Internet"]
[Round "17"]
[White "Huebner Robert Dr (GER)"]
[Black "Gutman Lev (GER)"]
[Result "1-0"]
[WhiteElo "2624"]
[BlackElo "2451"]

1.d4 Nf6 2.c4 g6 3.g3 Bg7 4.Bg2 d5 5.cxd5 Nxd5 6.e4 Nb4 7.d5 c6 8.Nc3 Qa5
9.Nge2 cxd5 10.exd5 O-O 11.O-O Bf5 12.a3 Nd3 13.Be3 Nxb2 14.Qb3 Bd3 15.Rfc1
Na6 16.Nf4 Rac8 17.Qxb2 Rxc3 18.Qxb7 Bf5 19.Qxe7 Rfc8 20.Rxc3 Rxc3 21.Rf1 Rc8
22.Qxa7 Qxa3 23.h4 Bf8 24.Bd4 Bc5 25.Bxc5 Rxc5 26.d6 Rc8 27.Bb7 {#r} 1-0

[Event "Ch Europe"]
[Site "masterchessopen.com Istanbul (Turkey)"]
[Round "1"]
[White "Kempinski Robert (POL)"]
[Black "Van Wely Loek (NED)"]
[Result "1/2-1/2"]
[WhiteElo "2608"]
[BlackElo "2681"]

{ Kempinski Robert (POL) +1 =0 -0 Van Wely Loek (NED) +0 =0 -2 } 1.d4 { 1 }
1...Nf6 2.c4 g6 3.g3 Bg7 4.Bg2 d5 5.cxd5 Nxd5 6.e4 Nb4 7.d5 c6 8.a3 Qa5 { ? }
( 8...N4a6 9.Nc3 O-O 10.Nf3 cxd5 11.exd5 Nd7 12.O-O Nb6 13.Re1 Re8 14.Bg5 h6
15.Bf4 Bg4 16.h3 Bxf3 17.Qxf3 Nc4 18.d6 Nxd6 19.Rad1 Nc5 20.b4 Ne6 21.Bxd6
exd6 22.Nb5 Re7 23.Nxd6 Nd4 24.Qd5 Rd7 25.Nxb7 Rxd5 26.Nxd8 Raxd8 27.Bxd5 Rxd5
28.Re8+ { ...1/2-1/2, Tregubov Pavel V 2612 - Krasenkow Michal 2633 , Warsaw
2002 It (open) (active) (1/4 final) } ) 9.Nc3 cxd5 10.Be3 { ? = } ( 10.Bf4
N4c6 11.exd5 Nd4 12.Nf3 Bg4 13.O-O O-O 14.Re1 Re8 15.Be5 Nxf3+ 16.Bxf3 Bxe5
17.Rxe5 Nd7 18.Re3 Bxf3 19.Qxf3 Rad8 20.b4 Qa6 21.Rae1 { 1-0, Korchnoi Viktor
2635 - Djuric Stefan 2490 , Sarajevo 1984 It (cat.12) } ) 10...N4c6 ( 10...d4
11.axb4 Qd8 12.Bd2 dxc3 13.Bxc3 Bxc3+ 14.bxc3 Qc7 15.Ne2 O-O 16.O-O e5 17.Qd3
Be6 18.Qe3 Bc4 19.Rfe1 b6 20.f4 f6 21.f5 g5 22.g4 Nc6 23.Ng3 Rad8 24.Bf1 Qf7
25.Rad1 Bxf1 26.Rxf1 Qc4 27.h4 h6 28.hxg5 hxg5 29.Nh5 Kf7 30.Rxd8 { ...0-1,
Kasimdzhanov Rustam 2674 - Krasenkow Michal 2662 , Essen 2002 It (cat.16) } )
11.exd5 Ne5 12.Bd4 ( 12.Ne2 O-O 13.O-O Bg4 14.f3 Bf5 15.Bd4 Qa6 16.h3 Rc8
17.f4 Nc4 18.b3 Nd6 19.Bxg7 Kxg7 20.Qd4+ Kg8 21.Rfc1 Nd7 22.g4 Bd3 23.Qe3 Qb6
24.Qxb6 Nxb6 25.Kf2 Rc5 26.Na2 Bc2 27.Nb4 Rac8 28.Rxc2 Rxc2 29.Nxc2 Rxc2
30.Rc1 Rb2 31.a4 Rxb3 { ...0-1, Van Den Berg Carel B 2410 - Olafsson Fridrik
2570 , Wijk aan Zee 1971 It (a) } ) 12...Bf5 { } 13.Bxe5 Bxe5 14.Ne2 Qb6 { N }
( 14...O-O 15.O-O Qb6 16.Na4 Qd6 17.Re1 Na6 18.Nd4 Bd7 19.Nc3 Bg7 20.Qd2 Nc5
21.Rad1 Rac8 22.Qe3 Rfe8 23.Nc6 Bxc3 24.Qxc3 a6 25.Qe3 Bg4 26.Rd4 bxc6 27.dxc6
Qe6 28.Qc3 Qf5 29.Rf4 Qh5 30.Re5 Bf5 31.Bf3 Na4 32.Rxa4 Qh6 33.c7 f6 34.Rxf5 {
...1-0, Ivanchuk Vassily 2731 - Van Wely Loek 2714 , Monaco 2001 It "Melody
Amber" (active) } ) 15.Na4 Qd6 16.O-O O-O 17.Re1 Bg4 ( 17...Na6 18.Nd4 Bd7
19.Nc3 Bg7 20.Qd2 Nc5 21.Rad1 Rac8 22.Qe3 Rfe8 23.Nc6 Bxc3 24.Qxc3 a6 25.Qe3
Bg4 26.Rd4 bxc6 27.dxc6 Qe6 28.Qc3 Qf5 29.Rf4 Qh5 30.Re5 Bf5 31.Bf3 Na4
32.Rxa4 Qh6 33.c7 f6 34.Rxf5 gxf5 35.Bb7 Qh5 36.Rd4 e5 37.Rd7 { ...1-0,
Ivanchuk Vassily 2731 - Van Wely Loek 2714 , Monaco 2001 It "Melody Amber"
(active) } ) 18.h3 Bxe2 19.Qxe2 Nd7 20.Qb5 Rab8 21.Rac1 a6 22.Qe2 Rbc8 23.b4
Bd4 24.Kh2 Rxc1 25.Rxc1 h5 26.Qd2 Ba7 27.h4 { ?! } ( 27.Nb2 { !? } 27...h4
28.Nd3 Rd8 29.Rc4 { } ) 27...Ne5 28.Nc5 Rc8 29.Ne4 { ?! } ( 29.Nxb7 { !? }
29...Ng4+ 30.Kh3 Nxf2+ 31.Kh2 { } ) 29...Ng4+ 30.Kg1 Rxc1+ 31.Qxc1 Qe5 32.Qf4
Qd4 33.Bh3 Qd1+ 34.Bf1 Kg7 35.Nc5 Bxc5 36.bxc5 Qxd5 37.Bc4 Qd1+ 38.Kg2 e6
39.Qe4 { ? } ( { ? } 39.c6 bxc6 40.Bxa6 Qd5+ 41.Kg1 { } ) 39...Qh1+ 40.Kxh1
Nxf2+ 41.Kg2 Nxe4 42.c6 b5 43.Be2 Nd6 { ! } ( 43...Kf6 { ? } 44.c7 Nd6 45.Bf3
Ke7 { } ) 44.c7 Kf6 45.Bf3 a5 46.Kf2 Ke7 47.Bc6 b4 48.axb4 axb4 49.Ke2 e5
50.Kd3 f5 51.Kc2 e4 52.Kb3 e3 53.Bb5 e2 54.Bxe2 Kd7 55.Bf3 Kxc7 56.Kxb4 f4
57.gxf4 Nf5 58.Bd5 Nxh4 59.Bf7 Kd6 60.f5 { ! } ( 60.Kc3 { ? } 60...Ke7 61.Bd5
Kf6 62.Be4 { } ) 60...Nxf5 { ?! } ( 60...gxf5 { !? } 61.Kc4 Ke5 62.Bxh5 Ke4 {
} ) {#d} 1/2-1/2

[Event "It (cat.13)"]
[Site "masterchessopen.com Hastings (England)"]
[Round "1"]
[White "Nielsen Peter Heine (DEN)"]
[Black "Rowson Jonathan (SCO)"]
[Result "1/2-1/2"]
[WhiteElo "2663"]
[BlackElo "2577"]

{ } 1.d4 Nf6 2.c4 g6 3.g3 Bg7 4.Bg2 d5 5.cxd5 Nxd5 6.e4 Nb4 7.d5 c6 8.a3 Qa5 {
? } ( 8...N4a6 9.Nc3 O-O 10.Nf3 cxd5 11.exd5 Nd7 12.O-O Nb6 13.Re1 Re8 14.Bg5
h6 15.Bf4 Bg4 16.h3 Bxf3 17.Qxf3 Nc4 18.d6 Nxd6 19.Rad1 Nc5 20.b4 Ne6 21.Bxd6
exd6 22.Nb5 Re7 23.Nxd6 Nd4 24.Qd5 Rd7 25.Nxb7 Rxd5 26.Nxd8 Raxd8 27.Bxd5 Rxd5
28.Re8+ { ...1/2-1/2, Tregubov Pavel V 2612 - Krasenkow Michal 2633 , Warsaw
2002 It (open) (active) (1/4 final) } ) 9.Nc3 cxd5 10.Be3 { ? } ( 10.Bf4 N4c6
11.exd5 Nd4 12.Nf3 Bg4 13.O-O O-O 14.Re1 Re8 15.Be5 Nxf3+ 16.Bxf3 Bxe5 17.Rxe5
Nd7 18.Re3 Bxf3 19.Qxf3 Rad8 20.b4 Qa6 21.Rae1 { 1-0, Korchnoi Viktor 2635 -
Djuric Stefan 2490 , Sarajevo 1984 It (cat.12) } ) 10...d4 11.axb4 Qd8 12.Bxd4
{ = } 12...Bxd4 ( 12...Qxd4 13.Qxd4 Bxd4 14.Nd5 Na6 15.b5 e6 16.bxa6 exd5
17.Ne2 Bb6 18.axb7 Bxb7 19.exd5 O-O-O 20.Nc3 Rhe8+ 21.Kf1 Kb8 22.Bf3 Bd4
23.Nb5 Bb6 24.Nc3 Bd4 25.Nb5 { 1/2-1/2, Hort Vlastimil 2560 - Fernandez Aguado
Juan Luis 2316 , Debrecen 1992 Ch Europe (team) } ) 13.Nge2 ( 13.Nf3 Bxc3+ {
-0.15 CAP } ) 13...Bb6 ( 13...Bxc3+ 14.Nxc3 Qxd1+ 15.Rxd1 Bg4 16.Rc1 Na6
17.Nd5 Bd7 18.O-O Be6 19.Rfd1 Rd8 20.Bf1 Bxd5 21.exd5 Nxb4 22.Rc7 a6 23.Rxb7
a5 24.d6 e6 25.Bb5+ Kf8 26.Ra7 Nd5 27.d7 Ke7 28.Rxa5 Rb8 29.Bc6 Rxb2 30.Bxd5
exd5 31.Rdxd5 Rb7 32.Re5+ Kxd7 33.Rad5+ { ...1/2-1/2, Lehmann Heinz G 2285 -
Nei Iivo 2376 , Beverwijk 1966 It "Hoogovens" } ) ( 13...Nc6 14.b5 Bxc3+
15.Nxc3 Qxd1+ 16.Rxd1 Ne5 17.Nd5 O-O 18.Nxe7+ { 1-0, Furman Semen 2550 -
Byvshev V M, Leningrad 1954 Ch Leningrad } ) 14.Nd5 ( 14.O-O O-O 15.Qxd8 Bxd8
16.Rfc1 Nc6 17.b5 Nb4 18.Nf4 e6 19.Bf1 a5 20.bxa6 bxa6 21.Na4 Rb8 22.e5 Bg5
23.Rc4 Rd8 24.Nc5 Bxf4 25.Rxf4 Nc6 26.Bxa6 Rxb2 27.Bxc8 Rxc8 28.Nd7 Rd8 29.Rc1
Rxd7 30.Rxc6 Rb5 31.Rc8+ Kg7 32.Re4 Rdd5 33.Rc7 Rxe5 { ...1/2-1/2, Evans Larry
M 2470 - Pachman Ludek 2278 , Helsinki 1952 Olympiad } ) 14...O-O ( 14...Bg4
15.h3 Bd7 16.e5 Nc6 17.Nec3 Be6 18.O-O O-O 19.Re1 Bc7 20.f4 Bb6+ 21.Kh2 Nd4
22.Qa4 Kg7 23.Red1 Nf5 24.Qb5 h5 25.h4 Nh6 26.Nxb6 Qxb6 27.Qxb6 Ng4+ 28.Kg1
axb6 29.Rxa8 Rxa8 30.Bxb7 Ra7 31.Bf3 Ne3 32.Rd3 Nf5 33.Kf2 Nh6 34.Nd5 {
...1/2-1/2, Donner Jan-Hein 2430 - Conrady Alphonse, Hague 1966 Zt } ) 15.O-O
{ -0.45 CAP } 15...Bg4 { N } ( 15...Nc6 { !? } 16.Nef4 e6 17.Nxb6 Qxb6 { } ) (
15...Be6 16.Nxb6 Qxb6 17.Qd4 Na6 18.Qxb6 axb6 19.b5 Nc5 20.Nd4 Bc4 21.Rxa8
Rxa8 22.Rc1 Bd3 23.e5 Ra4 24.Nf3 Rb4 25.Ne1 { ...0-1, Donner Jan-Hein 2485 -
Smejkal Jan 2600 , Wijk aan Zee 1975 It (a) } ) 16.h3 { } ( 16.Nxb6 { !? }
16...Qxb6 17.Qd4 Qxd4 18.Nxd4 { } ) 16...Be6 { } ( 16...Bxe2 { !? } 17.Qxe2 e6
18.Nxb6 Qxb6 { } ) 17.Nec3 { } ( 17.Nxb6 { !? } 17...Qxb6 18.Qd4 Na6 19.Qxb6 {
} ) 17...Nc6 18.b5 Ne5 { ?! } ( 18...Nd4 { !? } 19.e5 Rc8 20.Nxb6 Qxb6 { } )
19.Qe2 { ?! } ( 19.Nxb6 { !? } 19...Qxb6 20.Nd5 Qd6 21.Qd4 { } ) 19...Rc8 { ?!
} ( 19...Bxd5 { !? } 20.exd5 Nd7 21.Rfe1 Re8 { } ) 20.Rfd1 { } ( 20.Nxb6 { !?
} 20...Qxb6 21.Nd5 Bxd5 22.exd5 { } ) 20...Bxd5 21.exd5 Nc4 22.d6 Nxd6 23.Bxb7
Rc5 24.Bf3 Qb8 { } ( 24...Qd7 { !? } 25.Nd5 Re8 26.Nxb6 Qxh3 { } ) 25.Kg2 { ?!
} ( 25.Nd5 { !? } 25...Nc8 26.Nxb6 axb6 27.Rd7 { } ) 25...Nf5 26.Nd5 Bd8
27.Nb4 Qxb5 { } ( 27...Re5 { !? } 28.Qd2 Rxb5 29.Nc6 Qb6 { } ) 28.Qxb5 Rxb5
29.Nc6 Bb6 30.b4 e6 31.Be2 { } ( 31.Rd7 { !? } 31...Kg7 32.Ra4 h5 33.Be4 { } )
31...Rd5 32.Rxd5 exd5 33.Bd3 Rc8 { } ( 33...Re8 { !? } 34.Nxa7 Nd4 35.Nb5 Nxb5
{ } ) 34.Nxa7 Rc3 { } ( 34...Ra8 { !? } 35.Ra6 Bxa7 36.b5 Rb8 { } ) 35.Bxf5
gxf5 36.Ra6 Bxa7 37.Rxa7 f4 38.g4 Kg7 39.Ra5 Rd3 40.Rc5 Kf6 41.b5 h5 { ? } ( {
? } 41...Ke6 42.Rc6+ Ke7 43.Rh6 Rb3 { } ) 42.gxh5 Kg7 43.Rc6 Rb3 44.h6+ Kh7
45.b6 d4 46.Rf6 d3 47.Rxf4 Rxb6 48.Rxf7+ Kxh6 49.Rd7 Rb3 50.Kg3 Kg5 51.Rd5+
Kf6 52.Kg4 { ? } ( { ? } 52.f3 Ke6 53.Rd8 Kf5 54.h4 { } ) 52...Ke6 53.Rd8 Ke5
54.f4+ { ?! } ( 54.Kf3 { !? } 54...Ra3 55.h4 d2+ 56.Kg2 { } ) 54...Ke4 55.f5
Rb5 56.f6 Rd5 57.Rxd5 Kxd5 58.f7 d2 59.f8=Q d1=Q+ 60.Kg5 Qg1+ 61.Kh5 Qd1+
62.Kg6 Qg1+ 63.Kh7 Ke6 { ? } ( { ? } 63...Qb1+ 64.Kg7 Qb2+ 65.Kg8 Qg2+ { } )
64.Qf4 Qb1+ 65.Kh6 Ke7 { ?! } ( 65...Qf5 { !? } 66.Qg4 Kf6 67.Qg3 Kf7 { } )
66.h4 { ? } ( { ? } 66.Qe5+ Kf7 67.Qg7+ Ke8 68.Qg8+ { } ) 66...Qb6+ 67.Kh5 Qf6
68.Qxf6+ Kxf6 { } {#d} 1/2-1/2

[Event "Extra League 2003/04"]
[Site "masterchessopen.com Czech Republic"]
[Date "2004.03.20"]
[Round "8"]
[White "Mozny Milos (CZE)"]
[Black "David Pavel (CZE)"]
[Result "1/2-1/2"]
[WhiteElo "2376"]
[BlackElo "2421"]

1.d4 Nf6 2.c4 g6 3.g3 Bg7 4.Bg2 d5 5.cxd5 Nxd5 6.e4 Nb4 7.d5 c6 8.a3 Qa5 9.Nc3
cxd5 10.Be3 Nc2+ 11.Qxc2 d4 12.Bxd4 Bxd4 13.Ne2 {#d} 1/2-1/2

[Event "Ch Russia (club)"]
[Site "masterchessopen.com Sochi (Russia)"]
[Date "2004.04.28"]
[Round "9"]
[White "Vaganian Rafael A (ARM)"]
[Black "Timofeev Artyom (RUS)"]
[Result "1/2-1/2"]
[WhiteElo "2640"]
[BlackElo "2611"]

{ Vaganian Rafael A (ARM) +0 =3 -0 } 1.d4 { 1 } 1...Nf6 2.c4 g6 3.g3 Bg7 4.Bg2
d5 5.cxd5 Nxd5 6.e4 Nb4 7.a3 N4c6 8.d5 Nd4 9.Ne2 { = } ( 9.Nc3 O-O 10.Be3 c5
11.Nge2 e5 12.O-O a5 13.h3 b6 14.f4 Ba6 15.Rf2 Nd7 16.f5 Qe7 17.a4 Rab8 18.Bf1
Rbd8 19.g4 Bxe2 20.Nxe2 Qh4 21.Bg2 Bh6 22.Bxh6 Qxh6 23.Ra3 Nf6 24.Qf1 Qh4
25.Nxd4 cxd4 26.fxg6 fxg6 27.Raf3 Kg7 28.Qa6 Nd7 { ...1/2-1/2, Epishin
Vladimir 2650 - Babula Vlastimil 2515 , Brno 1994 It (cat.13) "Barbarela Cup"
} ) 9...Bg4 10.Nbc3 c6 ( 10...Nf3+ 11.Kf1 Nd4 12.h3 Nxe2 13.Nxe2 Bc8 14.Qb3 c6
15.Be3 O-O 16.Kg1 b6 17.Kh2 Bb7 18.Rhd1 Qe8 19.Rac1 Na6 20.Nd4 cxd5 21.exd5
Nc5 22.Qc2 e5 23.Nc6 Nd7 24.Ne7+ Qxe7 25.d6 Qf6 26.Bxb7 Rad8 27.b4 h6 28.Qd3
Rfe8 29.Rc7 e4 30.Bxe4 { ...1-0, Akopian Vladimir 2625 - Svidler Peter 2635 ,
Haifa 1995 It (cat.14) } ) 11.h3 ( 11.O-O Nf3+ 12.Kh1 h5 13.h3 Nd7 14.Ng1 Nh2
15.f3 Nxf1 16.Bxf1 Ne5 17.fxg4 hxg4 18.h4 Qb6 19.Qe2 Bh6 20.Kg2 O-O-O 21.b4
Kb8 22.Bb2 f6 23.b5 cxb5 24.Nxb5 Be3 25.Bxe5+ fxe5 26.Qxg4 Bxg1 27.Qg5 Qf2+
28.Kh3 Qf6 29.Qxf6 exf6 30.Be2 Bc5 { ...0-1, Zaichik Gennadi 2525 - Fernandez
Garcia Jose Luis 2470 , Spain 1991 Match "Euskadi-Georgia" } ) 11...Bf3 { }
12.Bxf3 Nxf3+ 13.Kf1 cxd5 14.Qxd5 ( 14.exd5 Nd7 15.Be3 O-O 16.Kg2 Nfe5 17.Qb3
Qa5 18.Rhd1 Rfc8 19.Rd4 Nb6 20.Rb4 Nec4 21.Bg5 Qc5 22.Rd1 Qd6 23.Rb5 e6 24.Bf4
Qd7 25.a4 Nxd5 26.Nxd5 exd5 27.Rxb7 Qc6 28.Qb5 Qxb5 29.axb5 Rd8 30.Ra1 d4
31.Ng1 d3 32.Nf3 Bxb2 33.Ra2 Bc3 { ...0-1, Semkov Semko 2410 - Kouatly Bachar
2470 , Burgas 1985 Match "Bulgaria-France" } ) 14...Nc6 15.Kg2 Nfe5 16.f4 { N
} ( 16.Rd1 Qxd5 17.Rxd5 e6 18.Rd1 O-O 19.f4 Nc4 20.b3 N4a5 21.Rb1 Rfd8 22.Be3
Rxd1 23.Nxd1 Rd8 24.Nf2 Bf8 25.a4 Bb4 26.Kf3 h5 27.g4 hxg4+ 28.hxg4 g5 29.Bc1
gxf4 30.Bxf4 Bd2 31.Rb2 Bxf4 32.Kxf4 f6 33.g5 Kf7 34.gxf6 Kxf6 35.e5+ Ke7 {
...1/2-1/2, Vaganian Rafael A 2623 - Ruck Robert 2556 , Istanbul 2003 Ch
Europe } ) 16...Nd3 17.Rd1 Nxc1 18.Raxc1 Qxd5 19.Nxd5 O-O 20.e5 Rfd8 21.Nec3
f6 22.exf6 exf6 23.f5 gxf5 24.Rc2 Kf7 25.Rf2 Ne7 26.Nxe7 Rxd1 27.Nxd1 Kxe7
28.Ne3 Rd8 29.Nxf5+ Kf7 30.Rc2 Bf8 31.Kf3 Ke6 32.Kf4 Rd1 33.Re2+ Kf7 34.Kg4 {
?! } ( 34.g4 { !? } 34...Bd6+ 35.Nxd6+ Rxd6 36.Rc2 { } ) 34...Rd5 35.Rf2 Kg6
36.Nh4+ Kf7 37.Rf5 Rd2 38.b4 Bd6 { ?! } ( 38...Ke6 { !? } 39.Rh5 Rd4+ 40.Kf3
Rd3+ { } ) 39.Rf3 Rd5 40.Nf5 Kg6 41.Nxd6 Rxd6 42.Rc3 a5 43.bxa5 Rd5 44.a6 Rd4+
45.Kf3 bxa6 { } {#d} 1/2-1/2

[Event "Ch Russia (qual)"]
[Site "masterchessopen.com St. Petersburg (Russia)"]
[Round "1"]
[White "Tregubov Pavel V (RUS)"]
[Black "Belov Vladimir (RUS)"]
[Result "1/2-1/2"]
[WhiteElo "2629"]
[BlackElo "2552"]

{ Tregubov Pavel V (RUS) +2 =4 -0 } 1.d4 { 1 } 1...Nf6 2.c4 g6 3.g3 Bg7 4.Bg2
d5 5.cxd5 Nxd5 6.e4 Nb4 7.d5 c6 8.a3 Qa5 { ? } ( 8...N4a6 9.Nc3 O-O 10.Nf3
cxd5 11.exd5 Nd7 12.O-O Nb6 13.Re1 Re8 14.Bg5 h6 15.Bf4 Bg4 16.h3 Bxf3 17.Qxf3
Nc4 18.d6 Nxd6 19.Rad1 Nc5 20.b4 Ne6 21.Bxd6 exd6 22.Nb5 Re7 23.Nxd6 Nd4
24.Qd5 Rd7 25.Nxb7 Rxd5 26.Nxd8 Raxd8 27.Bxd5 Rxd5 28.Re8+ { ...1/2-1/2,
Tregubov Pavel V 2612 - Krasenkow Michal 2633 , Warsaw 2002 It (open) (active)
(1/4 final) } ) 9.Nc3 cxd5 10.Bf4 ( 10.Be3 N4c6 11.exd5 Ne5 12.Bd4 Bf5 13.Bxe5
Bxe5 14.Ne2 O-O 15.O-O Qb6 16.Na4 Qd6 17.Re1 Na6 18.Nd4 Bd7 19.Nc3 Bg7 20.Qd2
Nc5 21.Rad1 Rac8 22.Qe3 Rfe8 23.Nc6 Bxc3 24.Qxc3 a6 25.Qe3 Bg4 26.Rd4 bxc6
27.dxc6 Qe6 28.Qc3 Qf5 29.Rf4 Qh5 { ...1-0, Ivanchuk Vassily 2731 - Van Wely
Loek 2714 , Monaco 2001 It "Melody Amber" (active) } ) 10...N4c6 11.exd5 Nd4
12.Nf3 { ?/= } ( 12.Rc1 O-O 13.Nf3 Bg4 14.h3 Bxf3 15.Bxf3 Qa6 16.Be4 Nd7
17.Be3 Nf5 18.Bxf5 gxf5 19.Qe2 Ne5 20.Qxa6 bxa6 21.Ke2 Nc4 22.Na4 Nxb2 23.Nxb2
Bxb2 24.Rc6 Bxa3 { 1/2-1/2, Karpov Anatoly 2775 - Anand Viswanathan 2725 ,
Monte Carlo 1995 It "Melody Amber" (blindfold) } ) 12...Bg4 ( 12...Nb5 13.O-O
Nxc3 14.bxc3 O-O 15.c4 Bxa1 16.Qxa1 Re8 17.Re1 Nd7 18.Bh6 f6 19.Ng5 Nb6 20.c5
Na4 21.d6 Qc3 22.Bd5+ Kh8 23.Nf7+ Kg8 24.Nd8+ Kh8 25.Qxc3 Nxc3 26.Rxe7 Rxe7
27.dxe7 Bd7 28.Bxb7 Rb8 29.c6 { 1-0, Ornstein Axel 2426 - Wiedenkeller Michael
2450 , Stockholm 1987 Ch Sweden } ) 13.O-O O-O 14.Re1 Qb6 ( 14...Re8 15.Be5
Nxf3+ 16.Bxf3 Bxe5 17.Rxe5 Nd7 18.Re3 Bxf3 19.Qxf3 Rad8 20.b4 Qa6 21.Rae1 {
1-0, Korchnoi Viktor 2635 - Djuric Stefan 2490 , Sarajevo 1984 It (cat.12) } )
( 14...Nd7 15.h3 Bxf3 16.Bxf3 e5 17.dxe6 fxe6 18.Bg2 Rad8 19.Rc1 Qf5 20.Ne4
Ne5 21.Bxe5 Bxe5 22.Qg4 b6 23.Qxf5 exf5 24.Nc3 Rfe8 25.Nd5 Kf8 26.Kf1 {
1/2-1/2, Bernal Moro Luis Javier 2425 - Fernandez Garcia Jose Luis 2470 ,
Spain 1992 Ch Spain (team) } ) 15.Rb1 { } ( 15.Be5 Bxe5 16.Rxe5 Bxf3 17.Bxf3
Qxb2 18.Bg2 Qxc3 19.Re3 Qc5 20.Rc1 Qb6 21.Rb1 Qf6 22.g4 e5 23.dxe6 fxe6 { 0-1,
Goj Artur 2264 - Ragozin Evgeni 2489 , Polanica Zdroj 2000 It (open) } )
15...Nd7 { N } 16.Rxe7 Rac8 17.d6 g5 18.Bxg5 Qxd6 19.Ne4 Qg6 20.Nh4 Qxg5
21.Nxg5 Bxd1 22.Rxd1 Nc5 23.b4 Bf6 24.Ree1 { ?! } ( 24.Rxf7 { !? } 24...Rxf7
25.Nxf7 Kxf7 26.bxc5 { } ) 24...Nce6 { ? } ( { ? } 24...Nc2 25.Re2 Nxa3
26.Nxh7 Kxh7 { } ) 25.Nxe6 fxe6 26.Bxb7 Rc3 27.Re3 Rxe3 28.fxe3 Nc2 29.Ng2
Nxa3 30.Nf4 Rd8 31.Rc1 Bg5 32.Rc3 Nb1 33.Rc7 e5 34.Be4 { ? } ( { ? } 34.Nd5
Rd6 35.Bc8 Kf8 36.e4 { } ) 34...exf4 35.exf4 Bf6 36.Bxh7+ Kh8 37.Bxb1 Rd1+
38.Kg2 Rxb1 39.Rxa7 Rxb4 40.Kf3 Rb2 41.h4 Rb3+ 42.Kg2 Bc3 43.Re7 Bd2 44.f5 Kg8
45.Re6 Kf7 46.h5 Rb5 47.g4 Bg5 48.Rg6 Rb2+ 49.Kf3 Rb3+ 50.Ke2 Bf6 51.h6 Rh3
52.Kf2 Rh2+ 53.Kf3 Rh3+ 54.Kf4 Rh4 55.Kg3 { } {#d} 1/2-1/2

[Event "Ch Bosnia & Herzegovina (team)"]
[Site "masterchessopen.com Neum (Bosnia & Herzegovina)"]
[Date "2004.05.30"]
[Round "2"]
[White "Ilincic Zlatko (SRB)"]
[Black "Ruck Robert (HUN)"]
[Result "1/2-1/2"]
[WhiteElo "2522"]
[BlackElo "2562"]

1.d4 Nf6 2.c4 g6 3.g3 Bg7 4.Bg2 d5 5.cxd5 Nxd5 6.e4 Nb4 7.d5 c6 8.a3 Qa5 9.Nc3
cxd5 10.Bf4 N4c6 11.exd5 Nd4 12.Nf3 Bg4 13.O-O O-O 14.Re1 Qb6 15.Na4 Qa6
16.Nc5 Qb6 17.Na4 Qa6 18.Nc5 Qb6 19.Na4 Qa6 20.Nc5 {#d} 1/2-1/2

[Event "Ch World (corr.) (final) XVIII"]
[Site "masterchessopen.com corr."]
[Date "2004.06.01"]
[Round "9"]
[White "Hefka Vladimir (SVK)"]
[Black "Nimtz Manfred Dr (GER)"]
[Result "1/2-1/2"]
[WhiteElo "1976"]
[BlackElo "2245"]

1.d4 Nf6 2.c4 g6 3.g3 Bg7 4.Bg2 d5 5.cxd5 Nxd5 6.e4 Nb4 7.d5 c6 8.a3 N4a6
9.Nc3 O-O 10.Nge2 cxd5 11.exd5 Nd7 12.O-O Ne5 13.h3 Nc4 14.b3 Nd6 15.Be3 Nf5
16.Bf4 Bd7 17.b4 Nc7 18.Qd3 a5 19.b5 Rc8 20.Rfe1 Re8 21.Rab1 Nd6 22.g4 h5
23.Bxd6 exd6 24.Ne4 hxg4 25.Nxd6 gxh3 26.Qf3 Bf5 27.Nxe8 hxg2 28.Nxg7 Bxb1
29.Rxb1 Kxg7 30.Qc3+ Qf6 31.Rc1 Re8 32.Qxf6+ Kxf6 33.Rxc7 {#d} 1/2-1/2

[Event "It \"]
[Site "masterchessopen.com Copenhagen (Denmark)"]
[Date "2004.08.01"]
[Round "10"]
[White "Naes Flovin Tor (FAI)"]
[Black "Nilssen John Arni (FAI)"]
[Result "0-1"]
[WhiteElo "2302"]
[BlackElo "2390"]

1.d4 Nf6 2.c4 g6 3.g3 Bg7 4.Bg2 d5 5.cxd5 Nxd5 6.e4 Nb4 7.d5 c6 8.a3 Qa5 9.Nc3
cxd5 10.Bf4 N4c6 11.exd5 Nd4 12.Nf3 Bg4 13.O-O O-O 14.Re1 Qb6 15.Na4 Qa5 16.b4
Qa6 17.Nc5 Qc4 18.Rc1 Qa2 19.Re4 Bxf3 20.Bxf3 Nxf3+ 21.Qxf3 Qxd5 22.Rd1 Qf5
23.g4 Qf6 24.Qe3 Qb2 25.Rxe7 Nc6 26.Rxb7 Nd4 27.Na4 Qe2 28.Rxd4 Qxg4+ 29.Kf1
Bxd4 30.Qxd4 Rad8 {#R} 0-1